Apéndice a la educación popular (Record no. 158971)
[ view plain ]
| 000 -LEADER | |
|---|---|
| campo de control de longitud fija | 01073nam a2200229 i 4500 |
| 001 - NÚMERO DE CONTROL | |
| campo de control | 158971 |
| 003 - IDENTIFICADOR DE NÚMERO DE CONTROL | |
| campo de control | ES-MaACL |
| 005 - FECHA Y HORA DE LA ÚLTIMA TRANSACCIÓN | |
| campo de control | 20251010144301.0 |
| 008 - DATOS DE LONGITUD FIJA--INFORMACIÓN GENERAL | |
| campo de control de longitud fija | 931025s1777 sp |||| | spa d |
| 100 1# - ENTRADA PRINCIPAL--NOMBRE DE PERSONA | |
| Nombre de persona | Martínez de Mata, Francisco. |
| 9 (RLIN) | 78016 |
| 245 10 - MENCIÓN DEL TÍTULO | |
| Título | Apéndice a la educación popular |
| Resto del título | : parte quarta que contiene los ocho discursos de Francisco Martínez de Mata, con uno de nuevosobre el comercio nacional... |
| 260 ## - PUBLICACIÓN, DISTRIBUCIÓN, ETC. | |
| Lugar de publicación, distribución, etc. | En Madrid : |
| Nombre del editor, distribuidor, etc. | en la Imprenta de D. Antonio de Sancha, |
| Fecha de publicación, distribución, etc. | 1777. |
| 300 ## - DESCRIPCIÓN FÍSICA | |
| Extensión | XCII, [4], 431 p. ; |
| Dimensiones | 8º. |
| 594 ## - Nota al título y mención de responsabilidad | |
| Nota al título y mención de responsabilidad | Encabezamiento tomado del prólogo a la ed. facs. del "Discurso sobre la educación popular de los artesanos y su fomento", preparada por F. Aguilar Piñal, Madrid, 1978. |
| 597 ## - NOTA DE DESCRIPCIÓN FÍSICA | |
| NOTA DE DESCRIPCIÓN FÍSICA | Sign.: a-f8, A-Z8, 2A-2D8. |
| 650 #4 - PUNTO DE ACCESO ADICIONAL DE MATERIA--TÉRMINO DE MATERIA | |
| Término de materia o nombre geográfico como elemento de entrada | Gremios- |
| Subdivisión geográfica | España. |
| 9 (RLIN) | 156366 |
| 650 04 - PUNTO DE ACCESO ADICIONAL DE MATERIA--TÉRMINO DE MATERIA | |
| Término de materia o nombre geográfico como elemento de entrada | Artesanía- |
| Subdivisión geográfica | España. |
| 9 (RLIN) | 10346 |
| 651 #4 - PUNTO DE ACCESO ADICIONAL DE MATERIA--NOMBRE GEOGRÁFICO | |
| Nombre geográfico | España- |
| Subdivisión general | Política industrial- |
| Subdivisión cronológica | S.XVIII. |
| 9 (RLIN) | 8432 |
| 700 1# - ENTRADA AGREGADA--NOMBRE PERSONAL | |
| Nombre de persona | Rodríguez Campomanes, Pedro, |
| Fechas asociadas al nombre | 1723-1803 |
| 9 (RLIN) | 98399 |
| 852 ## - LOCALIZACIÓN | |
| Ubicación | ES-MaACL |
| Número de control de estantería | R-527 |
| Nota libre | - Enc. pasta |
| Encuadernación | - G-498-502 |
| Estatus retirado | Estado de pérdida | Estado de daño | No para préstamo | Colección | Biblioteca de origen | Biblioteca actual | Ubicación en estantería | Fecha de adquisición | Fuente de adquisición | Total de préstamos | Signatura topográfica completa | Código de barras | Visto por última vez | Precio de reemplazo | Tipo de ítem Koha |
|---|---|---|---|---|---|---|---|---|---|---|---|---|---|---|---|
| Libros del s. XVIII | Biblioteca del Ateneo de Madrid | Biblioteca del Ateneo de Madrid | Depósito | 17/01/2008 | R-527 | 1166408 | 23/02/2023 | 23/02/2023 | Libro impreso antiguo |
